[Event "Campo Grande op"]
[Site "Campo Grande"]
[Date "2013.10.12"]
[Round "4"]
[White "Dos Santos, Leandro Mustafa"]
[Black "Dantas, Leandro Henrique Va"]
[Result "1-0"]
[WhiteElo "1820"]
[BlackElo "1817"]
[PlyCount "75"]
[EventDate "2013.10.11"]
[EventType "swiss"]
[EventRounds "5"]
[EventCountry "BRA"]
[SourceTitle "EXT 2014"]
[Source "ChessBase"]
[SourceDate "2013.11.20"]
[SourceVersion "1"]
[SourceVersionDate "2013.11.20"]
[SourceQuality "1"]

1. c4 e5 2. Nc3 Nf6 3. d3 Nc6 4. Nf3 g6 5. Bg5 Bg7 6. Nd5 h6 7. Bxf6 Bxf6 8. Nxf6+ Qxf6 9. e4 Nd4 10. Nxd4 exd4 11. Qd2 d6 12. h3 c5 13. g4 Qh4 14. 0-0-0 Qg5 15. f4 Qh4 16. Bg2 0-0 17. Rhf1 f5 18. gxf5 Qf6 19. fxg6 Qxg6 20. f5 Qf6 21. Rf4 Kh7 22. Bf3 Bd7 23. Bh5 Be8 24. Bxe8 Raxe8 25. Rg4 Rg8 26. Rdg1 Rxg4 27. Rxg4 Rg8 28. Qg2 Rxg4 29. Qxg4 Qg5+ 30. Qxg5 hxg5 31. a3 a5 32. b4 b6 33. Kc2 a4 34. b5 Kg7 35. Kd2 Kf6 36. Ke2 Kg7 37. Kf3 Kh6 38. Kg4 1-0